zpět

Detail výsledku týmu

Cafe & Bar NO.95, Domažlice

Datum a čas kvízu

36 Celkem bodů Celkový počet nahraných bodů na tomto kvízu bez doplňovacích otázek.
2. Pořadí na kvízu Konečné umístění týmu na tomto kvízu.

Zaznamenané odpovědi

# Otázka Odpověď Body Výsledky
1. Která sedmipodlažní budova obc... Kotva 1
2. Na jihokorejských sociálních s... párátka 1
3. Cenu Czech Press Photo za rok... D) v budově soudu 0
4. V pondělí byl slavnostně otevř... v Otrokovicích 0
5. Který sportovec, muž narozený... Ladislav Krejčí 1
6. Ve třetím díle cestovatelského... z Janských Lázní 0
7. Stále větší oblibě cestovatelů... portugalština 1
8. Kdepak Paříž. Ve kterém městě... v Las Vegas 1
9. S písmenem M se vracíme do Čes... v Moravském Krumlově 0
10. Ve kterém století byl vybudová... v 19. století 1